000 02693 a2200349 4500
003 OSt
005 20180116192349.0
008 120531t xxu||||| |||| 00| 0 eng d
010 _a 2005029658
020 _a0226456625 (cloth : alk. paper)
020 _a0226456633 (pbk. : alk. paper)
020 _a9780226456638
020 _a9780226456621
035 _a(OCoLC)ocm62090790
040 _c0
082 0 0 _a307.76097
245 0 4 _aThe new suburban history /
_cedited by Kevin M. Kruse and Thomas J. Sugrue.
260 _aChicago :
_bUniversity of Chicago Press,
_c2006.
300 _ax, 289 p. :
_bill., maps ;
_c23 cm.
440 0 _aHistorical studies of urban America
_93110
500 _aBased on a conference held at Princeton University in Feb. 2004.
505 0 _aIntroduction: The new suburban history / Kevin M. Kruse and Thomas J. Sugrue -- Marketing the free market : state intervention and the politics of prosperity in metropolitan America / David M.P. Freund -- Less than plessy : the inner city, suburbs, and state-sanctioned residential segregation in the age of Brown / Arnold R. Hirsch -- Uncovering the city in the suburb : Cold War politics, scientific elites, and high-tech spaces / Margaret Pugh O'Mara -- How hell moved from the city to the suburbs : urban scholars and changing perceptions of authentic community / Becky Nicolaides -- "The house I live in" : race, class, and African American suburban dreams in the postwar United States / Andrew Wiese -- "Socioeconomic integration" in the suburbs : from reactionary populism to class fairness in metropolitan Charlotte / Matthew D. Lassiter -- Prelude to the tax revolt : the politics of the "tax dollar" in postwar California / Robert O. Self -- Suburban growth and its discontents : the logic and limits of reform on the postwar Northeast corridor / Peter Siskind -- Reshaping the American dream : immigrants, ethnic minorities, and the politics of the new suburbs / Michael Jones-Correa -- The legal technology of exclusion in metropolitan America / Gerald Frug.
650 1 0 _aSuburbs
_zUnited States
_xHistory
_93111
650 1 0 _aMetropolitan areas
_zUnited States
_xHistory
_93112
700 1 _aKruse, Kevin Michael,
_d1972-
_93113
700 1 _aSugrue, Thomas J.,
_d1962-
_93114
856 4 1 _3Table of contents
_uhttp://www.loc.gov/catdir/toc/ecip061/2005029658.html
856 4 1 _3Contributor biographical information
_uhttp://www.loc.gov/catdir/enhancements/fy0701/2005029658-b.html
856 4 1 _3Publisher description
_uhttp://www.loc.gov/catdir/enhancements/fy0701/2005029658-d.html
942 _aSADA
_cBK
_k307.76097 NEW 2006
_2ddc
999 _c352862
_d352862